[Event "Santiago Endesa 15"]
[Site "Santiago de Chile"]
[Date "2008.08.20"]
[Round "2"]
[White "Barrera Meza, Carlos"]
[Black "Pavez Cuevas, Luciano Andrez"]
[Result "1-0"]
[WhiteElo "2153"]
[BlackElo "2081"]
[PlyCount "69"]
[EventDate "2008.08.18"]
[EventType "tourn"]
[EventRounds "11"]
[EventCountry "CHI"]
[SourceTitle "EXT 2012"]
[Source "ChessBase"]
[SourceDate "2011.11.24"]
[SourceVersion "1"]
[SourceVersionDate "2011.11.24"]
[SourceQuality "1"]

1. e4 e5 2. Nf3 Nc6 3. Bb5 a6 4. Ba4 Nf6 5. 0-0 Be7 6. Bxc6 dxc6 7. d3 Bg4 8. h3 Bxf3 9. Qxf3 Qd6 10. Nd2 b5 11. b3 Nd7 12. Bb2 0-0 13. Kh1 Qg6 14. Qg4 f5 15. exf5 Qxf5 16. Nf3 Qxg4 17. hxg4 Bd6 18. Rae1 Rae8 19. Ng5 Rf4 20. f3 h6 21. g3 Rff8 22. Ne4 g5 23. Kg2 Kh7 24. Rh1 Kg6 25. Rh2 Rf7 26. Reh1 Bf8 27. Bc1 Nf6 28. Re1 Bg7 29. Nxf6 Rxf6 30. Rhh1 Bf8 31. Bb2 Bd6 32. Re4 c5 33. Rhe1 Ref8 34. R1e3 c4 35. dxc4 1-0

[Event "Internet Section 06A g/8'+2\""]
[Site "Dos Hermanas"]
[Date "2004.03.06"]
[Round "4"]
[White "Da Silva, Paulo Florencio"]
[Black "Pavez Cuevas, Luciano Andrez"]
[Result "1-0"]
[WhiteElo "2244"]
[BlackElo "2136"]
[PlyCount "95"]
[EventDate "2004.03.06"]
[EventType "swiss (blitz)"]
[EventRounds "9"]
[EventCountry "ESP"]
[SourceTitle "CBM 099 Extra"]
[Source "ChessBase"]
[SourceDate "2004.05.04"]
[SourceVersion "1"]
[SourceVersionDate "2004.05.04"]
[SourceQuality "1"]

1. d4 d5 2. c4 e6 3. Nc3 Nf6 4. cxd5 exd5 5. Bg5 Be7 6. e3 c6 7. Bd3 b6 8. Nf3 h6 9. Bf4 Bb7 10. Qc2 0-0 11. h3 Nbd7 12. 0-0 Rc8 13. Rac1 a6 14. Qe2 a5 15. Rfd1 c5 16. Bf5 Ra8 17. dxc5 Bxc5 18. Nd4 Re8 19. Ncb5 Ba6 20. Qf3 Ne5 21. Bxe5 Rxe5 22. Nc6 Qf8 23. Nxe5 Bxb5 24. Bd3 Ba4 25. b3 Be8 26. Qf5 Qe7 27. Ng4 Ne4 28. Qxd5 Bc6 29. Qxc6 Re8 30. Qxe4 Qxe4 31. Bxe4 Rxe4 32. Nh2 g5 33. Rd5 Kg7 34. Rc4 Re6 35. h4 Kg6 36. Nf3 f6 37. hxg5 hxg5 38. Nd4 Re7 39. Nf5 Rh7 40. Rdxc5 bxc5 41. Rxc5 Ra7 42. g4 a4 43. b4 a3 44. b5 Ra4 45. Nd4 Rb4 46. Rc3 Rb1+ 47. Kg2 Rb4 48. Rxa3 1-0

[Event "Internet Section 06A g/8'+2\""]
[Site "Dos Hermanas"]
[Date "2004.03.06"]
[Round "2"]
[White "Ginsburg, Mark"]
[Black "Pavez Cuevas, Luciano Andrez"]
[Result "1-0"]
[WhiteElo "2359"]
[BlackElo "2137"]
[PlyCount "97"]
[EventDate "2004.03.06"]
[EventType "swiss (blitz)"]
[EventRounds "9"]
[EventCountry "ESP"]
[SourceTitle "CBM 099 Extra"]
[Source "ChessBase"]
[SourceDate "2004.05.04"]
[SourceVersion "1"]
[SourceVersionDate "2004.05.04"]
[SourceQuality "1"]

1. Nf3 d5 2. c4 d4 3. g3 c5 4. Bg2 Nc6 5. 0-0 Nf6 6. d3 e5 7. e3 Be7 8. Na3 0-0 9. Nc2 Bg4 10. h3 Bh5 11. exd4 exd4 12. g4 Bg6 13. Nh4 Nd7 14. Nxg6 fxg6 15. f4 Qc7 16. Bd2 a5 17. Qf3 Bd6 18. Rae1 Nf6 19. Na3 Rae8 20. g5 Rxe1 21. Rxe1 Ne8 22. Nb5 Qd7 23. Rxe8 Rxe8 24. Qd5+ Re6 25. h4 Ne7 26. Qxb7 Qxb7 27. Bxb7 Kf8 28. Kf2 Bb8 29. Be4 Nf5 30. h5 Ra6 31. hxg6 hxg6 32. Bc1 Ke7 33. a4 Ke6 34. b3 Ne7 35. Kf3 Nf5 36. Ba3 Bd6 37. Bxc5 Bxc5 38. Nc7+ Kd6 39. Nxa6 Ba3 40. Bd5 Ne7 41. Ke4 Nc6 42. c5+ Bxc5 43. Nxc5 Nb4 44. Nb7+ Kc7 45. Kxd4 Kb6 46. Nd6 Nc2+ 47. Ke5 Ne3 48. Nc4+ Nxc4+ 49. Bxc4 1-0

[Event "Internet Section 06A g/8'+2\""]
[Site "Dos Hermanas"]
[Date "2004.03.06"]
[Round "5"]
[White "Pavez Cuevas, Luciano Andrez"]
[Black "Bueker, Muhittin"]
[Result "0-1"]
[WhiteElo "2110"]
[BlackElo "1912"]
[PlyCount "62"]
[EventDate "2004.03.06"]
[EventType "swiss (blitz)"]
[EventRounds "9"]
[EventCountry "ESP"]
[SourceTitle "CBM 099 Extra"]
[Source "ChessBase"]
[SourceDate "2004.05.04"]
[SourceVersion "1"]
[SourceVersionDate "2004.05.04"]
[SourceQuality "1"]

1. e4 e5 2. Nf3 Nc6 3. Bc4 Nf6 4. d3 h6 5. Nc3 Bc5 6. 0-0 d6 7. h3 0-0 8. a4 a5 9. Qe2 Be6 10. Bxe6 fxe6 11. Be3 Nd4 12. Qd1 Nxf3+ 13. Qxf3 Nd5 14. Qg3 Bxe3 15. fxe3 Nxc3 16. bxc3 Qd7 17. c4 Rxf1+ 18. Kxf1 Rf8+ 19. Ke2 Rf6 20. d4 Qc6 21. Kd3 exd4 22. exd4 d5 23. cxd5 exd5 24. exd5 Qxd5 25. Re1 b5 26. Qxc7 bxa4 27. Re4 a3 28. Re5 Qxg2 29. Qc8+ Kh7 30. Rxa5 Rf3+ 31. Ke4 Rc3+ 0-1

[Event "Internet Section 06A g/8'+2\""]
[Site "Dos Hermanas"]
[Date "2004.03.06"]
[Round "3"]
[White "Pavez Cuevas, Luciano Andrez"]
[Black "Rodrigues de Aguilar, Flavio Jose"]
[Result "1-0"]
[WhiteElo "2140"]
[BlackElo "1822"]
[PlyCount "61"]
[EventDate "2004.03.06"]
[EventType "swiss (blitz)"]
[EventRounds "9"]
[EventCountry "ESP"]
[SourceTitle "CBM 099 Extra"]
[Source "ChessBase"]
[SourceDate "2004.05.04"]
[SourceVersion "1"]
[SourceVersionDate "2004.05.04"]
[SourceQuality "1"]

1. e4 d6 2. Nf3 c6 3. d4 Bg4 4. Nc3 Nd7 5. Be2 Ngf6 6. h3 Be6 7. Be3 h6 8. g4 Qa5 9. Qd2 0-0-0 10. a3 Kb8 11. b4 Qc7 12. d5 cxd5 13. exd5 Bxd5 14. Nxd5 Nxd5 15. c4 Nxe3 16. Qxe3 Nf6 17. 0-0 e6 18. Nd4 Qb6 19. Rfd1 e5 20. Nf5 Qxe3 21. Nxe3 g6 22. Kg2 h5 23. g5 Ne4 24. h4 Nc3 25. Rd2 Nxe2 26. Rxe2 Bg7 27. Rd1 f5 28. gxf6 Bxf6 29. Kg3 Rhf8 30. Red2 Kc7 31. a4 1-0